00721nam a2200169 a 4500003000200000005001700002008004100019050002900060100001800089245012400107260009200231300004100323504004100364650004400405650005000449650005200499020250414094448.0970101s19uu xx 00 eng d aPGS BF 723.A6b.J81 2004 aJoo, Hyun Min aAnger management of grade six students of Southville International School and Colleges (SY 2003-2004) /cHyun Min Joo. aLas Piñas City, Philippines : bSouthville International School and Colleges,c2004. a21 pages :billustrations ; c28 cm. aIncludes bibliographical references. aAnger regulationvElementary students.  aAnger management programsvGrade 6 learners.  aChildrenvEmotional regulationvSchool setting.